<?xml version="1.0" encoding="UTF-8"?>
<record
    xmlns:xsi="http://www.w3.org/2001/XMLSchema-instance"
    xsi:schemaLocation="http://www.loc.gov/MARC21/slim http://www.loc.gov/standards/marcxml/schema/MARC21slim.xsd"
    xmlns="http://www.loc.gov/MARC21/slim">

  <leader>00698nam a22001937a 4500</leader>
  <controlfield tag="001"> 84624</controlfield>
  <controlfield tag="003">BD-RjUL</controlfield>
  <controlfield tag="005">20250129143657.0</controlfield>
  <controlfield tag="008">250129s1952    le ||||| |||| 00| 0 ara d</controlfield>
  <datafield tag="035" ind1=" " ind2=" ">
    <subfield code="a">(BD-RjUL) 84624</subfield>
  </datafield>
  <datafield tag="040" ind1=" " ind2=" ">
    <subfield code="a">BD-RjUL</subfield>
    <subfield code="b">eng</subfield>
    <subfield code="c">BD-RjUL</subfield>
  </datafield>
  <datafield tag="041" ind1=" " ind2=" ">
    <subfield code="a">ara</subfield>
  </datafield>
  <datafield tag="082" ind1=" " ind2=" ">
    <subfield code="2">23</subfield>
    <subfield code="a">892.7107</subfield>
    <subfield code="b">BAH  1952</subfield>
  </datafield>
  <datafield tag="100" ind1=" " ind2=" ">
    <subfield code="a">&#x627;&#x644;&#x628;&#x627;&#x62C;&#x648;&#x631;&#x6CC; &#x66B;  &#x627;&#x628;&#x631;&#x627;&#x6C1;&#x6CC;&#x645;  ;;  Al-Bajouri, Ibrahim</subfield>
    <subfield code="9">14863</subfield>
  </datafield>
  <datafield tag="245" ind1=" " ind2=" ">
    <subfield code="a">&#x62D;&#x627;&#x634;&#x6CC;&#x6C1; &#x627;&#x644;&#x628;&#x627;&#x62C;&#x648;&#x631;&#x6CC; &#x639;&#x644;&#x6CC; &#x627;&#x644;&#x628;&#x631;&#x62F;&#x6C1; ;;  haashiya albajuri ali albardah /</subfield>
    <subfield code="c">&#x627;&#x628;&#x631;&#x627;&#x6C1;&#x6CC;&#x645; &#x627;&#x644;&#x628;&#x627;&#x62C;&#x648;&#x631;&#x6CC; ;; Ibrahim Al-Bajouri</subfield>
  </datafield>
  <datafield tag="260" ind1=" " ind2=" ">
    <subfield code="a">&#x645;&#x635;&#x631;: </subfield>
    <subfield code="b">&#x645;&#x6A9;&#x62A;&#x628;&#x6C1; &#x648; &#x645;&#x637;&#x628;&#x639; &#x645;&#x62D;&#x645;&#x62F; &#x639;&#x644;&#x6CC; &#x635;&#x628;&#x6CC;&#x62D; &#x648;&#x627;&#x648;&#x644;&#x627;&#x62F;&#x6C1;, </subfield>
    <subfield code="c">1952</subfield>
  </datafield>
  <datafield tag="300" ind1=" " ind2=" ">
    <subfield code="a">80 p. ;</subfield>
    <subfield code="c">27 cm</subfield>
  </datafield>
  <datafield tag="942" ind1=" " ind2=" ">
    <subfield code="2">ddc</subfield>
    <subfield code="c">BK</subfield>
  </datafield>
  <datafield tag="999" ind1=" " ind2=" ">
    <subfield code="c">84624</subfield>
    <subfield code="d">84624</subfield>
  </datafield>
  <datafield tag="952" ind1=" " ind2=" ">
    <subfield code="0">0</subfield>
    <subfield code="1">0</subfield>
    <subfield code="2">ddc</subfield>
    <subfield code="4">0</subfield>
    <subfield code="7">1</subfield>
    <subfield code="8">NFIC</subfield>
    <subfield code="a">RUCL</subfield>
    <subfield code="b">RUCL</subfield>
    <subfield code="c">Reading</subfield>
    <subfield code="d">2025-01-29</subfield>
    <subfield code="l">0</subfield>
    <subfield code="o">A 892.7107 BAH  1952</subfield>
    <subfield code="r">2025-01-29 00:00:00</subfield>
    <subfield code="t">C- 1</subfield>
    <subfield code="w">2025-01-29</subfield>
    <subfield code="y">BK</subfield>
  </datafield>
</record>
